Tratamentos Térmicos Dos Aços: Uma abordagem ao mundo dos tratamentos térmicos capa comum.
Uloženo v:
| Hlavní autor: | |
|---|---|
| Médium: | Neznámo |
| Vydáno: |
Porto, Portugal:
Engebook,
2020.
|
| Témata: | |
| Tagy: |
Přidat tag
Žádné tagy, Buďte první, kdo vytvoří štítek k tomuto záznamu!
|
MARC
| LEADER | 00000 a2200000 4500 | ||
|---|---|---|---|
| 003 | CL-VaPUC | ||
| 005 | 20220915102713.0 | ||
| 008 | 220729t2020 ||||| |||| 00| 0 eng d | ||
| 999 | |c 436437 |d 436435 | ||
| 020 | |a 9789898927910 | ||
| 040 | |c Pontificia Universidad Católica de Valparaíso | ||
| 082 | 7 | |a 669.142 SIL 2020 |2 22 | |
| 100 | |a Silva, Jorge Alexandre |9 871625 | ||
| 245 | |a Tratamentos Térmicos Dos Aços: Uma abordagem ao mundo dos tratamentos térmicos capa comum. | ||
| 260 | |a Porto, Portugal: |b Engebook, |c 2020. | ||
| 300 | |a 280 páginas. | ||
| 583 | |k Cristina María Rojas Aguilar |c 20220729 | ||
| 650 | |a Aceros |x Tratamientos térmicos |9 874428 | ||
| 942 | |2 ddc |c BK | ||
| 952 | |0 0 |1 0 |2 ddc |4 0 |6 669_142000000000000_SIL_2020 |7 0 |8 A |9 585100 |a BIBMEC |b BIBMEC |c GEN |d 2022-07-20 |e 1 |g 80071.00 |i 5653151 |o 669.142 SIL 2020 |p 5653151 |r 2024-12-12 |t 1 |v 80071.00 |w 2022-07-20 |y BK |k MEC | ||